000 00438cam a2200193ua 4500
001 7212
008 141204n ii |||gr||||Z||||||eng
040 _cMAIN
041 _aeng
082 _a346.066
100 _aVerma, M. M.,
_eAuthor.
245 1 _aCompany law
_cBy M.M. Verma
250 _a1st.
260 _aDelhi:
_bForward,
_c1988.
300 _a252p.
653 _aCompany law
700 _aAgarwal, R.K.,
_eAuthor.
942 _cBK
999 _c6337
_d6337